000
00202 a2200097 4500
001
6771
100
_a
Stuart, R D
245
_a
Introduction to Analysis
260
_a
_b
Methuen
_c
090
_c
5598
_d
5598
942
_a
NUST-CAE
_c
M
_c
32042
999
_c
241844
_d
241844